Czechoslovak balance of payments in 1991 and in the first quarter of 1992. State Bank of Czechoslovakia Press Service.

Zahájenie novej rubriky o základných ekonomických informáciách čs. hospodárstva v angličtine. Údaje o stave platobnej bilancie za r. 1991 v konvertibilnej i nekonvertibilnej mene, o regulačných opatreniach o zadlženosti a o rezervách štátnej banky. Predpokladaný vývoj platobnej bilancie v prvom štvr...

Descripción completa

Guardado en:
Detalles Bibliográficos
Formato: Capítulo de libro
Lenguaje:inglés
Materias:
Etiquetas: Agregar Etiqueta
Sin Etiquetas, Sea el primero en etiquetar este registro!

MARC

LEADER 00000naa a2200000 4500
001 r007904
005 20220831090134.5
041 0 |a eng 
044 |a [CS] 
245 1 0 |a Czechoslovak balance of payments in 1991 and in the first quarter of 1992.  |b State Bank of Czechoslovakia Press Service. 
520 |a Zahájenie novej rubriky o základných ekonomických informáciách čs. hospodárstva v angličtine. Údaje o stave platobnej bilancie za r. 1991 v konvertibilnej i nekonvertibilnej mene, o regulačných opatreniach o zadlženosti a o rezervách štátnej banky. Predpokladaný vývoj platobnej bilancie v prvom štvrťroku 1992. 
610 2 0 |a bilancia platobná 
610 2 0 |a ČSFR 
610 2 0 |a 1991-1992 
610 2 0 |a zadlženosť zahraničná 
610 2 0 |a banky štátne 
610 2 0 |a ŠBČS